कश्मीर:मिथक और यथार्थ/ (Record no. 206402)

MARC details
000 -LEADER
fixed length control field 00773nam a22001817a 4500
005 - DATE AND TIME OF LATEST TRANSACTION
control field 20241015112929.0
010 ## - LCCN (DPL NO)
LC control number HIN-128609
020 ## - INTERNATIONAL STANDARD BOOK NUMBER
Terms of availability 650.00
International Standard Book Number 9789383056477
035 ## - SYSTEM CONTROL NUMBER
System control number HN-100955
037 ## - SOURCE OF ACQUISITION
Source of stock number/acquisition DBAD
082 ## - DEWEY DECIMAL CLASSIFICATION NUMBER
Classification number 954.11
100 ## - MAIN ENTRY--PERSONAL NAME
Personal name जैन,प्रकाश चंद
245 ## - TITLE STATEMENT
Title कश्मीर:मिथक और यथार्थ/
Statement of responsibility, etc प्रकाश चंद जैन
260 ## - PUBLICATION, DISTRIBUTION, ETC. (IMPRINT)
Place of publication, distribution, etc जयपुर
Name of publisher, distributor, etc मोनिका प्रकाशन
Date of publication, distribution, etc 2022
270 ## - ADDRESS
Address 85/175, प्रताप नगर , सांगानेर
City जयपुर
Postal code 302033
Telephone number 9928029234
-- 9887001185
Electronic mail address monikaprakashan.jpr@gmail.com
300 ## - PHYSICAL DESCRIPTION
Extent 342पृ.
Dimensions 22 सेमी. (सजिल्द)
942 ## - ADDED ENTRY ELEMENTS (KOHA)
Source of classification or shelving scheme Dewey Decimal Classification
Item type Hindi Books
Classification part 954.11
Call number suffix जैन
Holdings
Withdrawn status Lost status Not for loan Collection code Home library Current library Date acquired Source of acquisition Cost, normal purchase price Full call number Barcode Copy number Cost, replacement price Koha item type
      Non-fiction Bawana Bawana 15/10/2024 DBAD 650.00 954.11 जैन HN-100955 1 650.00 Hindi Books

© Delhi Public Library
Hit Counter
free hit counter